| 000 | 00479 a2200181 4500 | ||
|---|---|---|---|
| 001 | 132387 | ||
| 003 | OSt | ||
| 005 | 20211026151951.0 | ||
| 008 | |||
| 082 |
_a746.920688 _bT83F |
||
| 100 | 1 | _aTungate, Mark | |
| 245 | 1 |
_aFashion brands _cby Mark Tungate |
|
| 250 | _a2nd ed. | ||
| 260 |
_aNew Delhi _bKogan Page _c2009 |
||
| 300 | _a264p. | ||
| 690 | _aAdvertising -- Fashion.; Brand name products; Fashion merchandising | ||
| 942 |
_2ddc _cBK |
||
| 999 |
_c6754 _d6754 |
||